Normal view
MARC view
- Naipaul, Seepersad
Entry Personal Name
001 - CONTROL NUMBER
- control field: 11
003 - CONTROL NUMBER IDENTIFIER
- control field: Nust
005 - DATE AND TIME OF LATEST TRANSACTION
- control field: 20170504173812.0
008 - FIXED-LENGTH DATA ELEMENTS
- fixed length control field: 170504|| aca||aabn | a|a d
040 ## - CATALOGING SOURCE
- Original cataloging agency: Nust
- Transcribing agency: Nust
100 ## - HEADING--PERSONAL NAME
- Personal name: Naipaul, Seepersad
- Form subdivision: Correspondence.
670 ## - SOURCE DATA FOUND
- Source citation: Work cat.: (Nust)0: Letters between a father and son /, 2011.
